<?xml version="1.0" encoding="UTF-8"?>
<record
    xmlns:xsi="http://www.w3.org/2001/XMLSchema-instance"
    xsi:schemaLocation="http://www.loc.gov/MARC21/slim http://www.loc.gov/standards/marcxml/schema/MARC21slim.xsd"
    xmlns="http://www.loc.gov/MARC21/slim">

  <leader>01168nam a22002177a 4500</leader>
  <datafield tag="952" ind1=" " ind2=" ">
    <subfield code="0">0</subfield>
    <subfield code="1">0</subfield>
    <subfield code="4">0</subfield>
    <subfield code="7">0</subfield>
    <subfield code="a">19</subfield>
    <subfield code="b">19</subfield>
    <subfield code="d">2023-11-02</subfield>
    <subfield code="l">0</subfield>
    <subfield code="o">LB1060 K5418 1994</subfield>
    <subfield code="p">19 001300</subfield>
    <subfield code="r">2014-06-05</subfield>
    <subfield code="t">1</subfield>
    <subfield code="w">2014-06-05</subfield>
    <subfield code="y">LB</subfield>
  </datafield>
  <datafield tag="999" ind1=" " ind2=" ">
    <subfield code="c">93016</subfield>
    <subfield code="d">93016</subfield>
  </datafield>
  <controlfield tag="005">20231102151659.0</controlfield>
  <controlfield tag="008">140605t    1994sp d|||| |||| 00| 0 spa d</controlfield>
  <datafield tag="020" ind1=" " ind2=" ">
    <subfield code="a">8448118014</subfield>
  </datafield>
  <datafield tag="050" ind1=" " ind2=" ">
    <subfield code="a">LB1060</subfield>
    <subfield code="b">K5418 1994</subfield>
  </datafield>
  <datafield tag="100" ind1=" " ind2=" ">
    <subfield code="a">klein, Stephen aba., </subfield>
    <subfield code="e">autor</subfield>
  </datafield>
  <datafield tag="245" ind1="0" ind2="0">
    <subfield code="a">Aprendizaje</subfield>
    <subfield code="b">:Principios y Aplicaciones </subfield>
    <subfield code="c">klein, Stephen aba.</subfield>
  </datafield>
  <datafield tag="250" ind1=" " ind2=" ">
    <subfield code="a">2a edicion</subfield>
  </datafield>
  <datafield tag="260" ind1=" " ind2=" ">
    <subfield code="a">Madrid</subfield>
    <subfield code="b"> : McGraw-Hill</subfield>
    <subfield code="c"> , 1994</subfield>
  </datafield>
  <datafield tag="300" ind1=" " ind2=" ">
    <subfield code="a">686 P&#xE1;ginas</subfield>
  </datafield>
  <datafield tag="505" ind1=" " ind2=" ">
    <subfield code="g">Introducci&#xF3;n al aprendizaje
Enfoques te&#xF3;ricos del aprendizaje
Principios del conocimiento pavloviano
Principios y aplicaciones del condicionamiento apetitivo
Principios y aplicaciones del condicionamiento aversivo
Control de conducta por el estimulo
Control cognitivo de la conducta
Procesos del aprendizaje cognitivo
El almacenamiento de nuestras experiencias
La codificaci&#xF3;n de nuestras experiencias
Recuperaci&#xF3;n y olvido de la informaci&#xF3;n
Determinaci&#xF3;n biol&#xF3;gicos del aprendizaje </subfield>
  </datafield>
  <datafield tag="519" ind1=" " ind2=" ">
    <subfield code="a">Plan Flexible / </subfield>
    <subfield code="b">pedagog&#xED;a / </subfield>
    <subfield code="c">Teor&#xED;a del aprendizaje (B09-3) / </subfield>
    <subfield code="d">(19 001300)</subfield>
  </datafield>
  <datafield tag="650" ind1=" " ind2=" ">
    <subfield code="a">Aprendizaje</subfield>
  </datafield>
  <datafield tag="650" ind1=" " ind2=" ">
    <subfield code="a">Reflejos condicionados </subfield>
  </datafield>
  <datafield tag="700" ind1=" " ind2=" ">
    <subfield code="a">Lopez Ramirez Matias </subfield>
    <subfield code="e">. traductor</subfield>
  </datafield>
  <datafield tag="942" ind1=" " ind2=" ">
    <subfield code="c">LB</subfield>
  </datafield>
</record>
